最纯洁的种族 (Record no. 68553)

000 -LEADER
fixed length control field 00542nam a22001937a 4500
003 - CONTROL NUMBER IDENTIFIER
control field MPLRDC
005 - DATE AND TIME OF LATEST TRANSACTION
control field 20220105061101.0
008 - FIXED-LENGTH DATA ELEMENTS--GENERAL INFORMATION
fixed length control field 210129b ||||| |||| 00| 0 eng d
020 ## - INTERNATIONAL STANDARD BOOK NUMBER
International Standard Book Number 978-986-235-215-1
082 ## - DEWEY DECIMAL CLASSIFICATION NUMBER
Classification number 732.28 MYE
100 ## - MAIN ENTRY--PERSONAL NAME
Personal name 麦尔斯 B. R. MYERS
245 ## - TITLE STATEMENT
Title 最纯洁的种族
Statement of responsibility, etc. 黄煜文 译
250 ## - EDITION STATEMENT
Edition statement 初版一刷
260 ## - PUBLICATION, DISTRIBUTION, ETC.
Place of publication, distribution, etc. 台湾
Name of publisher, distributor, etc. 脸谱出版, 城邦文化事业股份有限公司
Date of publication, distribution, etc. 2012
300 ## - PHYSICAL DESCRIPTION
Other physical details
520 ## - SUMMARY, ETC.
Summary, etc. 上架 2017-03-01。
650 ## - SUBJECT ADDED ENTRY--TOPICAL TERM
Topical term or geographic name entry element 亚洲史地--北韩
942 ## - ADDED ENTRY ELEMENTS (KOHA)
Koha item type Book
-- 732.28 MYE

No items available.

© 2022. Malaysian Public Library, Research and Development Centre. All Right ReservedE-mailmplrdc@help.edu.my 

Powered by Koha